header

Means-tested transfer programs in the United States (Record no. 226949)

MARC details
000 -LEADER
fixed length control field 01619nam a22003614a 4500
082 04 - DEWEY DECIMAL CLASSIFICATION NUMBER
Classification number 362.5/82
245 00 - TITLE STATEMENT
Title Means-tested transfer programs in the United States
260 ## - PUBLICATION, DISTRIBUTION, ETC. (IMPRINT)
Place of publication Chicago :
Name of publisher University of Chicago Press,
Year of publication 2003.
300 ## - PHYSICAL DESCRIPTION
Number of Pages ix, 644 p. :
Other physical details ill.
490 1# - SERIES STATEMENT
Series statement A National Bureau of Economic Research conference report
500 ## - GENERAL NOTE
General note Papers presented at a conference sponsored by the National Bureau of Economic Research and held in Cambridge, Mass. on May 11-12, 2000.
650 #0 - SUBJECT ADDED ENTRY--TOPICAL TERM
Topical Term Income maintenance programs
Topical Term Public welfare
700 1# - ADDED ENTRY--PERSONAL NAME
Personal name Moffitt, Robert.
856 40 - ELECTRONIC LOCATION AND ACCESS
Uniform Resource Identifier http://site.ebrary.com/lib/rucke/Doc?id=10209946

No items available.

© 2026 Rongo University
Contact us: librarian | system librarian | Rongo university